Normal view
MARC view
Entry Personal Name
001 - CONTROL NUMBER
- control field: 69128
003 - CONTROL NUMBER IDENTIFIER
- control field: dpl
005 - DATE AND TIME OF LATEST TRANSACTION
- control field: 20240801101252.0
008 - FIXED-LENGTH DATA ELEMENTS
- fixed length control field: 240801|| aca||aabn | a|a d
040 ## - CATALOGING SOURCE
- Original cataloging agency: dpl
- Transcribing agency: dpl
100 ## - HEADING--PERSONAL NAME
- Personal name: Das, J.K
670 ## - SOURCE DATA FOUND
- Source citation: Work cat.: (dpl)204662: Chatterjee, Sushmita 69126, Basic Dat Analysis Using R-Progaramming/, 2022
